Les chefs de Top Chef - Statistiques

Statistiques générales
  • Ce quiz a été pris 31 fois
  • Le résultat moyen est 54 sur 82
Statistiques - réponses
Saison Chefs % Correct
Saison 6 - 2015 Philippe Etchebest
100%
Saison 7 - 2016 Philippe Etchebest
100%
Saison 8 - 2017 Philippe Etchebest
100%
Saison 9 - 2018 Philippe Etchebest
100%
Saison 10 - 2019 Philippe Etchebest
100%
Saison 11 - 2020 Philippe Etchebest
100%
Saison 12 - 2021 Philippe Etchebest
100%
Saison 13 - 2022 Philippe Etchebest
100%
Saison 14 - 2023 Philippe Etchebest
100%
Saison 15 - 2024 Philippe Etchebest
100%
Saison 16 - 2025 Philippe Etchebest
100%
Saison 17 - 2026 Philippe Etchebest
100%
Saison 6 - 2015 Hélène Darroze
93%
Saison 7 - 2016 Hélène Darroze
93%
Saison 8 - 2017 Hélène Darroze
93%
Saison 9 - 2018 Hélène Darroze
93%
Saison 10 - 2019 Hélène Darroze
93%
Saison 11 - 2020 Hélène Darroze
93%
Saison 12 - 2021 Hélène Darroze
93%
Saison 13 - 2022 Hélène Darroze
93%
Saison 14 - 2023 Hélène Darroze
93%
Saison 15 - 2024 Hélène Darroze
93%
Saison 16 - 2025 Hélène Darroze
93%
Saison 17 - 2026 Hélène Darroze
93%
Saison 13 - 2022 Glenn Viel
81%
Saison 14 - 2023 Glenn Viel
81%
Saison 15 - 2024 Glenn Viel
81%
Saison 16 - 2025 Glenn Viel
81%
Saison 17 - 2026 Glenn Viel
81%
Saison 11 - 2020 Paul Pairet
74%
Saison 12 - 2021 Paul Pairet
74%
Saison 13 - 2022 Paul Pairet
74%
Saison 14 - 2023 Paul Pairet
74%
Saison 15 - 2024 Paul Pairet
74%
Saison 16 - 2025 Paul Pairet
74%
Saison 17 - 2026 Paul Pairet
74%
Saison 6 - 2015 Michel Sarran
70%
Saison 7 - 2016 Michel Sarran
70%
Saison 8 - 2017 Michel Sarran
70%
Saison 9 - 2018 Michel Sarran
70%
Saison 10 - 2019 Michel Sarran
70%
Saison 11 - 2020 Michel Sarran
70%
Saison 12 - 2021 Michel Sarran
70%
Saison 1 - 2010 Jean-François Piège
63%
Saison 2 - 2011 Jean-François Piège
63%
Saison 3 - 2012 Jean-François Piège
63%
Saison 4 - 2013 Jean-François Piège
63%
Saison 5 - 2014 Jean-François Piège
63%
Saison 6 - 2015 Jean-François Piège
63%
Saison 7 - 2016 Jean-François Piège
63%
Saison 8 - 2017 Jean-François Piège
63%
Saison 9 - 2018 Jean-François Piège
63%
Saison 10 - 2019 Jean-François Piège
63%
Saison 15 - 2024 Stéphanie Le Quellec
63%
Saison 16 - 2025 Stéphanie Le Quellec
63%
Saison 17 - 2026 Stéphanie Le Quellec
63%
Saison 1 - 2010 Thierry Marx
48%
Saison 2 - 2011 Thierry Marx
48%
Saison 3 - 2012 Thierry Marx
48%
Saison 4 - 2013 Thierry Marx
48%
Saison 5 - 2014 Thierry Marx
48%
Saison 15 - 2024 Pierre Gagnaire
41%
Saison 1 - 2010 Cyril Lignac
37%
Saison 2 - 2011 Cyril Lignac
37%
Saison 3 - 2012 Cyril Lignac
37%
Saison 4 - 2013 Cyril Lignac
37%
Saison 5 - 2014 Cyril Lignac
37%
Saison 16 - 2025 Fabien Ferré
33%
Saison 17 - 2026 Fabien Ferré
33%
Saison 15 - 2024 Dominique Crenn
30%
Saison 1 - 2010 Ghislaine Arabian
30%
Saison 2 - 2011 Ghislaine Arabian
30%
Saison 3 - 2012 Ghislaine Arabian
30%
Saison 4 - 2013 Ghislaine Arabian
30%
Saison 5 - 2014 Ghislaine Arabian
30%
Saison 1 - 2010 Christian Constant
22%
Saison 2 - 2011 Christian Constant
22%
Saison 3 - 2012 Christian Constant
22%
Saison 4 - 2013 Christian Constant
22%
Saison 5 - 2014 Christian Constant
22%
Saison 16 - 2025 Eric Frechon
22%
Saison 17 - 2026 Yoann Comte
22%
Aucun quiz correspondant
Distribution des résultats
% des personnes avec chaque résultat
Percentile par nombre de réponses
Votre historique - résultats
Vous n’avez pas pris ce quiz